[Event "XLIV Memoriał Szachowy Ludwika Zamenhofa 2025, Grupa B"]
[Site "Bialystok, Poland"]
[Date "2025.12.30"]
[Round "7.25"]
[White "Pidluznij, Matvej"]
[Black "Zielinski, Krzysztof"]
[Result "1/2-1/2"]
[TimeControl "90'+30\""]
[WhiteElo "1868"]
[BlackElo "1739"]

1. e4 {[%clk 01:23:26]} {[%emt 00:07:33]} e5 {[%clk 01:30:55]} {[%emt
00:00:05]} 2. Nf3 {[%clk 01:23:52]} {[%emt 00:00:03]} Nc6 {[%clk 01:31:19]}
{[%emt 00:00:07]} 3. Bc4 {[%clk 01:24:03]} {[%emt 00:00:18]} Bc5 {[%clk
01:31:44]} {[%emt 00:00:05]} 4. d3 {[%clk 01:22:07]} {[%emt 00:02:27]} d6
{[%clk 01:31:58]} {[%emt 00:00:16]} 5. Nc3 {[%clk 01:20:14]} {[%emt 00:02:23]}
Nf6 {[%clk 01:32:18]} {[%emt 00:00:10]} 6. h3 {[%clk 01:19:18]} {[%emt
00:01:26]} Be6 {[%clk 01:32:20]} {[%emt 00:00:28]} 7. Bb3 {[%clk 01:19:41]}
{[%emt 00:00:07]} h6 {[%clk 01:31:24]} {[%emt 00:01:25]} 8. Be3 {[%clk
01:19:53]} {[%emt 00:00:18]} Bb6 {[%clk 01:31:48]} {[%emt 00:00:07]} 9. Qd2
{[%clk 01:11:45]} {[%emt 00:08:38]} Qd7 {[%clk 01:29:04]} {[%emt 00:03:13]} 10.
O-O-O {[%clk 01:09:29]} {[%emt 00:02:46]} Nd4 {[%clk 01:27:29]} {[%emt
00:02:05]} 11. Bxd4 {[%clk 01:03:41]} {[%emt 00:06:18]} exd4 {[%clk 01:26:52]}
{[%emt 00:01:06]} 12. Ba4 {[%clk 00:54:35]} {[%emt 00:09:37]} c6 {[%clk
01:26:53]} {[%emt 00:00:30]} 13. Ne2 {[%clk 00:54:42]} {[%emt 00:00:23]} Bc7
{[%clk 01:20:25]} {[%emt 00:06:57]} 14. Nfxd4 {[%clk 00:49:28]} {[%emt
00:05:45]} b5 {[%clk 01:19:44]} {[%emt 00:01:11]} 15. Bb3 {[%clk 00:48:05]}
{[%emt 00:01:53]} Bxb3 {[%clk 01:19:05]} {[%emt 00:01:08]} 16. Nxb3 {[%clk
00:42:51]} {[%emt 00:05:44]} a5 {[%clk 01:18:40]} {[%emt 00:00:55]} 17. g4
{[%clk 00:40:03]} {[%emt 00:03:17]} a4 {[%clk 01:17:48]} {[%emt 00:01:23]} 18.
Nbd4 {[%clk 00:39:49]} {[%emt 00:00:44]} c5 {[%clk 01:17:51]} {[%emt 00:00:27]}
19. Nf5 {[%clk 00:39:52]} {[%emt 00:00:27]} g6 {[%clk 01:17:40]} {[%emt
00:00:40]} 20. Nxh6 {[%clk 00:31:07]} {[%emt 00:09:15]} b4 {[%clk 01:17:06]}
{[%emt 00:01:05]} 21. g5 {[%clk 00:30:45]} {[%emt 00:00:51]} Nh5 {[%clk
01:16:54]} {[%emt 00:00:41]} 22. Ng4 {[%clk 00:30:50]} {[%emt 00:00:27]} Ba5
{[%clk 01:12:48]} {[%emt 00:04:36]} 23. Qe3 {[%clk 00:27:11]} {[%emt 00:04:09]}
b3 {[%clk 01:10:47]} {[%emt 00:02:30]} 24. axb3 {[%clk 00:14:32]} {[%emt
00:13:09]} axb3 {[%clk 01:10:47]} {[%emt 00:00:30]} 25. c3 {[%clk 00:14:25]}
{[%emt 00:00:38]} Bd8 {[%clk 01:06:14]} {[%emt 00:05:03]} 26. e5 {[%clk
00:10:03]} {[%emt 00:04:52]} O-O {[%clk 01:05:24]} {[%emt 00:01:20]} 27. f4
{[%clk 00:05:26]} {[%emt 00:05:08]} c4 {[%clk 01:04:31]} {[%emt 00:01:22]} 28.
Kd2 {[%clk 00:03:32]} {[%emt 00:02:24]} Ra2 {[%clk 01:03:35]} {[%emt 00:01:27]}
29. Rb1 {[%clk 00:03:53]} {[%emt 00:00:09]} cxd3 {[%clk 01:01:27]} {[%emt
00:02:38]} 30. Qxd3 {[%clk 00:03:10]} {[%emt 00:01:12]} Qa4 {[%clk 01:01:27]}
{[%emt 00:00:30]} 31. Qd4 {[%clk 00:01:36]} {[%emt 00:02:05]} dxe5 {[%clk
01:00:56]} {[%emt 00:01:01]} 32. Nxe5 {[%clk 00:00:46]} {[%emt 00:01:20]} Qa6
{[%clk 00:59:59]} {[%emt 00:01:26]} 33. Qc4 {[%clk 00:00:45]} {[%emt 00:00:31]}
Qxc4 {[%clk 00:59:29]} {[%emt 00:01:00]} 34. Nxc4 {[%clk 00:01:10]} {[%emt
00:00:05]} Ra4 {[%clk 00:59:57]} {[%emt 00:00:02]} 35. Kd3 {[%clk 00:00:43]}
{[%emt 00:00:57]} Bc7 {[%clk 01:00:08]} {[%emt 00:00:19]} 36. Nd2 {[%clk
00:00:37]} {[%emt 00:00:35]} Rd8+ {[%clk 01:00:20]} {[%emt 00:00:19]} 37. Ke3
{[%clk 00:00:33]} {[%emt 00:00:34]} Nxf4 {[%clk 01:00:26]} {[%emt 00:00:23]} 38.
Nd4 {[%clk 00:00:45]} {[%emt 00:00:19]} Nd5+ {[%clk 00:59:20]} {[%emt
00:01:36]} 39. Ke2 {[%clk 00:00:45]} {[%emt 00:00:30]} Re8+ {[%clk 00:59:17]}
{[%emt 00:00:33]} 40. Kf2 {[%clk 00:00:50]} {[%emt 00:00:20]} Bf4 {[%clk
00:59:30]} {[%emt 00:00:21]} 41. N2xb3 {[%clk 00:01:01]} {[%emt 00:00:19]} Bxg5
{[%clk 00:59:50]} {[%emt 00:00:11]} 42. Ra1 {[%clk 00:00:59]} {[%emt 00:00:32]}
Nb6 {[%clk 00:59:50]} {[%emt 00:00:30]} 43. Rhd1 {[%clk 00:00:48]} {[%emt
00:00:40]} Rxa1 {[%clk 00:59:44]} {[%emt 00:00:37]} 44. Rxa1 {[%clk 00:00:42]}
{[%emt 00:00:36]} Nc4 {[%clk 01:00:01]} {[%emt 00:00:13]} 45. Ra2 {[%clk
00:00:40]} {[%emt 00:00:32]} Be3+ {[%clk 00:59:39]} {[%emt 00:00:51]} 46. Kf3
{[%clk 00:00:42]} {[%emt 00:00:27]} Rb8 {[%clk 00:59:59]} {[%emt 00:00:11]} 47.
Ke2 {[%clk 00:00:31]} {[%emt 00:00:42]} Bxd4 {[%clk 01:00:14]} {[%emt
00:00:14]} 48. Nxd4 {[%clk 00:00:48]} {[%emt 00:00:13]} Nxb2 {[%clk 01:00:33]}
{[%emt 00:00:10]} 49. Kd2 {[%clk 00:00:47]} {[%emt 00:00:32]} Kg7 {[%clk
01:00:18]} {[%emt 00:00:46]} 50. Kc2 {[%clk 00:00:54]} {[%emt 00:00:22]} Nc4
{[%clk 01:00:40]} {[%emt 00:00:08]} 51. Kd3 {[%clk 00:01:22]} {[%emt 00:00:01]}
Nd6 {[%clk 01:00:33]} {[%emt 00:00:37]} 52. c4 {[%clk 00:00:31]} {[%emt
00:01:21]} Rc8 {[%clk 01:00:21]} {[%emt 00:00:42]} 53. Ra4 {[%clk 00:00:38]}
{[%emt 00:00:23]} Nb7 {[%clk 00:58:57]} {[%emt 00:01:54]} 54. Ra7 {[%clk
00:00:39]} {[%emt 00:00:29]} Nc5+ {[%clk 00:59:03]} {[%emt 00:00:24]} 55. Kc3
{[%clk 00:00:49]} {[%emt 00:00:20]} Kf6 {[%clk 00:58:40]} {[%emt 00:00:53]} 56.
Kb4 {[%clk 00:00:39]} {[%emt 00:00:40]} Nd3+ {[%clk 00:58:31]} {[%emt
00:00:40]} 57. Kc3 {[%clk 00:00:44]} {[%emt 00:00:24]} Ne5 {[%clk 00:58:21]}
{[%emt 00:00:40]} 58. Ra4 {[%clk 00:00:37]} {[%emt 00:00:37]} Kg5 {[%clk
00:57:09]} {[%emt 00:01:42]} 59. Nb5 {[%clk 00:00:36]} {[%emt 00:00:31]} Rxc4+
{[%clk 00:56:02]} {[%emt 00:01:37]} 60. Rxc4 {[%clk 00:01:04]} {[%emt
00:00:02]} Nxc4 {[%clk 00:56:31]} {[%emt 00:00:01]} 61. Kxc4 {[%clk 00:01:33]}
{[%emt 00:00:01]} Kh4 {[%clk 00:56:57]} {[%emt 00:00:04]} 62. Kd4 {[%clk
00:00:34]} {[%emt 00:01:28]} f6 {[%clk 00:56:03]} {[%emt 00:01:24]} 63. Kd5
{[%clk 00:00:34]} {[%emt 00:00:31]} Kxh3 {[%clk 00:55:50]} {[%emt 00:00:43]} 64.
Ke6 {[%clk 00:00:42]} {[%emt 00:00:22]} g5 {[%clk 00:56:07]} {[%emt 00:00:13]}
65. Kxf6 {[%clk 00:00:55]} {[%emt 00:00:16]} g4 {[%clk 00:56:32]} {[%emt
00:00:05]} 66. Nd4 {[%emt 00:01:36]} 1/2-1/2

[Event "XLIV Memoriał Szachowy Ludwika Zamenhofa 2025, Grupa B"]
[Site "Bialystok, Poland"]
[Date "2025.12.30"]
[Round "7.26"]
[White "Bombinski, Michal"]
[Black "Olejko, Wojciech"]
[Result "0-1"]
[TimeControl "90'+30\""]
[WhiteElo "1685"]
[BlackElo "1853"]

1. Nf3 {[%clk 01:30:53]} {[%emt 00:00:06]} d5 {[%clk 01:30:54]} {[%emt
00:00:07]} 2. g3 {[%clk 01:31:19]} {[%emt 00:00:04]} c5 {[%clk 01:31:09]}
{[%emt 00:00:15]} 3. Bg2 {[%clk 01:31:43]} {[%emt 00:00:05]} e6 {[%clk
01:31:34]} {[%emt 00:00:04]} 4. d3 {[%clk 01:32:05]} {[%emt 00:00:09]} Nc6
{[%clk 01:31:56]} {[%emt 00:00:09]} 5. O-O {[%clk 01:32:23]} {[%emt 00:00:11]}
Bd6 {[%clk 01:32:24]} {[%emt 00:00:02]} 6. Nbd2 {[%clk 01:32:22]} {[%emt
00:00:31]} Nge7 {[%clk 01:32:45]} {[%emt 00:00:09]} 7. e4 {[%clk 01:32:40]}
{[%emt 00:00:12]} Bc7 {[%clk 01:33:02]} {[%emt 00:00:13]} 8. exd5 {[%clk
01:31:27]} {[%emt 00:01:43]} exd5 {[%clk 01:33:17]} {[%emt 00:00:15]} 9. Nb3
{[%clk 01:28:20]} {[%emt 00:03:37]} b6 {[%clk 01:30:42]} {[%emt 00:03:06]} 10.
d4 {[%clk 01:23:56]} {[%emt 00:04:53]} c4 {[%clk 01:29:22]} {[%emt 00:01:50]}
11. Nbd2 {[%clk 01:22:52]} {[%emt 00:01:34]} Bg4 {[%clk 01:28:46]} {[%emt
00:01:05]} 12. h3 {[%clk 01:15:36]} {[%emt 00:07:47]} Bh5 {[%clk 01:23:45]}
{[%emt 00:05:31]} 13. c3 {[%clk 01:10:42]} {[%emt 00:05:24]} h6 {[%clk
01:23:01]} {[%emt 00:01:14]} 14. Re1 {[%clk 01:09:10]} {[%emt 00:02:02]} f6
{[%clk 01:17:23]} {[%emt 00:06:08]} 15. g4 {[%clk 00:47:34]} {[%emt 00:22:05]}
Bf7 {[%clk 01:17:10]} {[%emt 00:00:43]} 16. Nh4 {[%clk 00:46:49]} {[%emt
00:01:15]} O-O {[%clk 01:11:20]} {[%emt 00:06:21]} 17. Qc2 {[%clk 00:45:29]}
{[%emt 00:01:50]} Qd7 {[%clk 01:09:54]} {[%emt 00:01:56]} 18. Nf1 {[%clk
00:42:43]} {[%emt 00:03:17]} Rae8 {[%clk 00:57:56]} {[%emt 00:12:27]} 19. Bd2
{[%clk 00:41:53]} {[%emt 00:01:21]} g5 {[%clk 00:47:48]} {[%emt 00:10:37]} 20.
Nf3 {[%clk 00:40:11]} {[%emt 00:02:12]} Bg6 {[%clk 00:46:38]} {[%emt 00:01:40]}
21. Qd1 {[%clk 00:38:37]} {[%emt 00:02:05]} f5 {[%clk 00:44:48]} {[%emt
00:02:20]} 22. Ne5 {[%clk 00:36:28]} {[%emt 00:02:39]} Nxe5 {[%clk 00:45:01]}
{[%emt 00:00:17]} 23. dxe5 {[%clk 00:36:53]} {[%emt 00:00:04]} f4 {[%clk
00:42:52]} {[%emt 00:02:38]} 24. Nh2 {[%clk 00:35:12]} {[%emt 00:02:12]} Bd3
{[%clk 00:41:53]} {[%emt 00:01:29]} 25. e6 {[%clk 00:30:58]} {[%emt 00:04:45]}
Qd6 {[%clk 00:42:02]} {[%emt 00:00:20]} 26. Nf3 {[%clk 00:30:49]} {[%emt
00:00:39]} Nc6 {[%clk 00:41:22]} {[%emt 00:01:08]} 27. Bf1 {[%clk 00:29:16]}
{[%emt 00:02:05]} Bxf1 {[%clk 00:40:24]} {[%emt 00:01:27]} 28. Kxf1 {[%clk
00:29:12]} {[%emt 00:00:34]} Rxe6 {[%clk 00:35:31]} {[%emt 00:05:24]} 29. Rxe6
{[%clk 00:27:08]} {[%emt 00:02:34]} Qxe6 {[%clk 00:35:59]} {[%emt 00:00:01]} 30.
Qa4 {[%clk 00:27:02]} {[%emt 00:00:37]} Qd6 {[%clk 00:34:53]} {[%emt 00:01:36]}
31. Re1 {[%clk 00:27:01]} {[%emt 00:00:31]} Rb8 {[%clk 00:32:23]} {[%emt
00:03:00]} 32. Nd4 {[%clk 00:23:39]} {[%emt 00:03:52]} Nxd4 33. cxd4 {[%clk
00:24:02]} b5 {[%clk 00:28:10]} {[%emt 00:04:37]} 34. Qxa7 {[%clk 00:22:58]}
Bb6 {[%clk 00:21:46]} {[%emt 00:08:28]} 35. Qa6 {[%clk 00:21:25]} {[%emt
00:02:03]} b4 {[%clk 00:20:42]} {[%emt 00:01:34]} 36. Re5 {[%clk 00:15:16]}
{[%emt 00:06:39]} Rd8 {[%clk 00:19:42]} {[%emt 00:01:27]} 37. Qb7 {[%clk
00:09:58]} {[%emt 00:05:50]} Bxd4 {[%clk 00:19:44]} {[%emt 00:00:28]} 38. Re7
{[%clk 00:08:39]} {[%emt 00:01:49]} c3 {[%clk 00:18:33]} {[%emt 00:01:41]} 39.
bxc3 {[%clk 00:08:05]} {[%emt 00:01:04]} bxc3 {[%clk 00:18:44]} {[%emt
00:00:19]} 40. Bc1 {[%clk 00:08:14]} {[%emt 00:00:21]} Rb8 {[%clk 00:16:19]}
{[%emt 00:02:54]} 41. Ba3 {[%clk 00:06:01]} {[%emt 00:02:43]} c2 {[%clk
00:13:50]} {[%emt 00:03:00]} 42. Qc7 {[%clk 00:05:02]} {[%emt 00:01:29]} Rb1+
{[%clk 00:12:53]} {[%emt 00:01:26]} 43. Ke2 {[%clk 00:01:35]} {[%emt 00:03:58]}
Qa6+ {[%clk 00:12:56]} {[%emt 00:00:27]} 44. Kf3 {[%clk 00:01:20]} {[%emt
00:00:45]} Qd3+ {[%clk 00:13:10]} {[%emt 00:00:15]} 45. Re3 {[%clk 00:01:13]}
{[%emt 00:00:38]} Qd1+ {[%clk 00:13:33]} {[%emt 00:00:07]} 46. Re2 {[%clk
00:00:57]} {[%emt 00:00:46]} Qh1# {[%clk 00:13:55]} {[%emt 00:00:08]} 0-1

[Event "XLIV Memoriał Szachowy Ludwika Zamenhofa 2025, Grupa B"]
[Site "Bialystok, Poland"]
[Date "2025.12.30"]
[Round "7.27"]
[White "Wnorowski, Wiktor"]
[Black "Wnorowski, Lukasz"]
[Result "1/2-1/2"]
[TimeControl "90'+30\""]
[WhiteElo "1838"]
[BlackElo "1616"]

1. d4 {[%clk 01:30:58]} {[%emt 00:00:02]} Nf6 {[%clk 01:29:53]} {[%emt
00:01:07]} 2. c4 {[%clk 01:31:22]} {[%emt 00:00:05]} e6 {[%clk 01:30:19]}
{[%emt 00:00:05]} 3. Nc3 {[%clk 01:31:48]} {[%emt 00:00:04]} Bb4 {[%clk
01:29:58]} {[%emt 00:00:51]} 4. Bd2 {[%clk 01:32:11]} {[%emt 00:00:06]} Qe7
{[%clk 01:30:23]} {[%emt 00:00:06]} 5. g3 {[%clk 01:31:55]} {[%emt 00:00:46]}
Bxc3 {[%clk 01:29:42]} {[%emt 00:01:11]} 6. Bxc3 {[%clk 01:31:59]} {[%emt
00:00:25]} Ne4 {[%clk 01:29:18]} {[%emt 00:00:55]} 7. Qc2 {[%clk 01:30:57]}
{[%emt 00:01:32]} Nxc3 {[%clk 01:28:27]} {[%emt 00:01:21]} 8. Qxc3 {[%clk
01:31:14]} {[%emt 00:00:13]} Nc6 {[%clk 01:28:11]} {[%emt 00:00:46]} 9. Nf3
{[%clk 01:30:36]} {[%emt 00:01:08]} d6 {[%clk 01:26:50]} {[%emt 00:01:51]} 10.
d5 {[%clk 01:14:11]} {[%emt 00:16:55]} exd5 {[%clk 01:23:43]} {[%emt 00:03:36]}
11. cxd5 {[%clk 01:12:48]} {[%emt 00:01:54]} Ne5 {[%clk 01:23:22]} {[%emt
00:00:51]} 12. Nxe5 {[%clk 01:13:11]} {[%emt 00:00:06]} Qxe5 {[%clk 01:21:34]}
{[%emt 00:02:18]} 13. Qxe5+ {[%clk 01:13:19]} {[%emt 00:00:22]} dxe5 {[%clk
01:21:57]} {[%emt 00:00:07]} 14. Rc1 {[%clk 01:13:31]} {[%emt 00:00:18]} Kd7
{[%clk 01:22:08]} {[%emt 00:00:20]} 15. Bg2 {[%clk 01:13:21]} {[%emt 00:00:39]}
Kd6 {[%clk 01:22:03]} {[%emt 00:00:35]} 16. O-O {[%clk 01:12:56]} {[%emt
00:00:55]} Bd7 {[%clk 01:20:41]} {[%emt 00:01:52]} 17. Rc3 {[%clk 01:05:20]}
{[%emt 00:08:05]} Rac8 {[%clk 01:19:13]} {[%emt 00:01:58]} 18. f4 {[%clk
01:02:49]} {[%emt 00:03:01]} exf4 {[%clk 01:16:03]} {[%emt 00:03:40]} 19. Rxf4
{[%clk 01:02:35]} {[%emt 00:00:44]} f6 {[%clk 01:14:56]} {[%emt 00:01:37]} 20.
Kf2 {[%clk 01:01:01]} {[%emt 00:02:04]} c5 {[%clk 01:12:39]} {[%emt 00:02:47]}
21. dxc6 {[%clk 00:59:54]} {[%emt 00:01:38]} Bxc6 {[%clk 01:10:51]} {[%emt
00:02:18]} 22. Bxc6 {[%clk 00:59:36]} {[%emt 00:00:47]} Rxc6 {[%clk 01:10:48]}
{[%emt 00:00:33]} 23. Rd4+ {[%clk 00:59:39]} {[%emt 00:00:27]} Ke7 {[%clk
01:06:40]} {[%emt 00:04:38]} 24. Rxc6 {[%clk 00:58:23]} {[%emt 00:01:47]} bxc6
{[%clk 01:06:46]} {[%emt 00:00:24]} 25. Rb4 {[%clk 00:58:16]} {[%emt 00:00:37]}
Rd8 {[%clk 01:06:23]} {[%emt 00:00:53]} 26. Ke3 {[%clk 00:57:44]} {[%emt
00:01:01]} Rd7 {[%clk 01:05:17]} {[%emt 00:01:36]} 27. Rb8 {[%clk 00:53:43]}
{[%emt 00:04:31]} Kd6 {[%clk 01:04:15]} {[%emt 00:01:32]} 28. h4 {[%clk
00:52:49]} {[%emt 00:01:24]} h6 {[%clk 01:01:43]} {[%emt 00:03:02]} 29. Rb3
{[%clk 00:52:20]} {[%emt 00:00:59]} Re7+ {[%clk 00:57:53]} {[%emt 00:04:21]} 30.
Kf3 {[%clk 00:52:21]} {[%emt 00:00:27]} Ke6 {[%clk 00:55:40]} {[%emt 00:02:44]}
31. h5 {[%clk 00:50:07]} {[%emt 00:02:44]} Kf7 {[%clk 00:49:11]} {[%emt
00:06:59]} 32. Rc3 {[%clk 00:49:51]} {[%emt 00:00:47]} Rc7 {[%clk 00:47:34]}
{[%emt 00:02:06]} 33. Kf4 {[%clk 00:49:07]} {[%emt 00:01:14]} g5+ {[%clk
00:46:00]} {[%emt 00:02:05]} 34. Kf5 {[%clk 00:47:21]} {[%emt 00:02:16]} Rb7
{[%clk 00:38:24]} {[%emt 00:08:06]} 35. Rxc6 {[%clk 00:45:31]} {[%emt
00:02:20]} Rb5+ {[%clk 00:38:46]} {[%emt 00:00:08]} 36. Kg4 {[%clk 00:45:45]}
{[%emt 00:00:15]} Rxb2 {[%clk 00:39:05]} {[%emt 00:00:12]} 37. Rc7+ {[%clk
00:46:00]} {[%emt 00:00:15]} Ke6 {[%clk 00:39:07]} {[%emt 00:00:27]} 38. Rxa7
{[%clk 00:45:36]} {[%emt 00:00:55]} Rxe2 {[%clk 00:39:23]} {[%emt 00:00:14]} 39.
Kf3 {[%clk 00:45:25]} {[%emt 00:00:40]} Rh2 {[%clk 00:38:57]} {[%emt 00:00:56]}
40. Ra5 {[%clk 00:41:20]} {[%emt 00:04:36]} f5 {[%clk 00:37:06]} {[%emt
00:02:21]} 41. Ra6+ {[%clk 00:37:46]} {[%emt 00:04:04]} Ke5 {[%clk 00:37:30]}
{[%emt 00:00:06]} 42. Ra5+ {[%clk 00:38:01]} {[%emt 00:00:16]} 1/2-1/2

[Event "XLIV Memoriał Szachowy Ludwika Zamenhofa 2025, Grupa B"]
[Site "Bialystok, Poland"]
[Date "2025.12.30"]
[Round "7.28"]
[White "Ocytko, Andrzej"]
[Black "Lenkov, Stanislav"]
[Result "1-0"]
[TimeControl "90'+30\""]
[WhiteElo "1995"]
[BlackElo "1769"]

1. d4 {[%clk 01:30:50]} {[%emt 00:00:10]} d5 {[%clk 01:30:53]} {[%emt
00:00:07]} 2. Nf3 {[%clk 01:31:15]} {[%emt 00:00:05]} Nf6 {[%clk 01:31:18]}
{[%emt 00:00:05]} 3. Bf4 {[%clk 01:31:37]} {[%emt 00:00:08]} c5 {[%clk
01:31:26]} {[%emt 00:00:22]} 4. e3 {[%clk 01:32:02]} {[%emt 00:00:06]} Nc6
{[%clk 01:31:50]} {[%emt 00:00:05]} 5. c3 {[%clk 01:29:24]} {[%emt 00:03:08]}
Bg4 {[%clk 01:30:44]} {[%emt 00:01:36]} 6. Nbd2 {[%clk 01:29:33]} {[%emt
00:00:20]} e6 {[%clk 01:30:54]} {[%emt 00:00:21]} 7. Bd3 {[%clk 01:29:31]}
{[%emt 00:00:32]} Be7 {[%clk 01:28:47]} {[%emt 00:02:36]} 8. h3 {[%clk
01:29:45]} {[%emt 00:00:17]} Bh5 {[%clk 01:29:06]} {[%emt 00:00:11]} 9. O-O
{[%clk 01:30:05]} {[%emt 00:00:11]} O-O {[%clk 01:25:39]} {[%emt 00:03:57]} 10.
Bh2 {[%clk 01:29:45]} {[%emt 00:00:49]} Bd6 {[%clk 01:14:04]} {[%emt 00:12:05]}
11. dxc5 {[%clk 01:26:16]} {[%emt 00:03:59]} Bxh2+ {[%clk 01:09:08]} {[%emt
00:05:26]} 12. Kxh2 {[%clk 01:26:38]} {[%emt 00:00:08]} Ne5 {[%clk 01:08:27]}
{[%emt 00:01:11]} 13. Be2 {[%clk 01:24:52]} {[%emt 00:02:15]} Bxf3 {[%clk
01:08:01]} {[%emt 00:00:57]} 14. gxf3 {[%clk 01:22:50]} {[%emt 00:02:33]} Qc7
{[%clk 01:08:17]} {[%emt 00:00:13]} 15. f4 {[%clk 01:23:11]} {[%emt 00:00:08]}
Ng6 {[%clk 01:08:11]} {[%emt 00:00:36]} 16. Nb3 {[%clk 01:19:20]} {[%emt
00:04:22]} Ne4 {[%clk 00:54:15]} {[%emt 00:14:26]} 17. Qd4 {[%clk 01:13:56]}
{[%emt 00:05:54]} Rac8 {[%clk 00:46:05]} {[%emt 00:08:40]} 18. Bf3 {[%clk
01:06:54]} {[%emt 00:07:32]} Nxc5 {[%clk 00:37:22]} {[%emt 00:09:13]} 19. Rg1
{[%clk 01:06:19]} {[%emt 00:01:04]} Rfd8 {[%clk 00:22:16]} {[%emt 00:15:37]} 20.
Rg3 {[%clk 01:04:18]} {[%emt 00:02:31]} Nxb3 {[%clk 00:18:04]} {[%emt
00:04:42]} 21. axb3 {[%clk 01:04:41]} {[%emt 00:00:06]} e5 {[%clk 00:18:13]}
{[%emt 00:00:21]} 22. fxe5 {[%clk 01:04:03]} {[%emt 00:01:08]} Nxe5 {[%clk
00:18:26]} {[%emt 00:00:16]} 23. Be2 {[%clk 00:58:24]} {[%emt 00:06:10]} b6
{[%clk 00:17:30]} {[%emt 00:01:26]} 24. Rag1 {[%clk 00:58:02]} {[%emt
00:00:52]} f6 {[%clk 00:07:48]} {[%emt 00:10:13]} 25. f4 {[%clk 00:56:06]}
{[%emt 00:02:26]} Ng6 {[%clk 00:06:55]} {[%emt 00:01:24]} 26. Bd3 {[%clk
00:55:40]} {[%emt 00:00:55]} Qc5 {[%clk 00:02:54]} {[%emt 00:04:31]} 27. Bxg6
{[%clk 00:56:00]} {[%emt 00:00:09]} hxg6 {[%clk 00:03:13]} {[%emt 00:00:12]} 28.
Rxg6 {[%clk 00:56:22]} {[%emt 00:00:08]} Qe7 {[%clk 00:02:54]} {[%emt
00:00:49]} 29. Rxf6 {[%clk 00:54:49]} {[%emt 00:02:03]} Rc7 {[%clk 00:01:44]}
{[%emt 00:01:39]} 30. Rf5 {[%clk 00:54:17]} {[%emt 00:01:01]} Rcd7 {[%clk
00:01:56]} {[%emt 00:00:18]} 31. Re5 {[%clk 00:52:58]} {[%emt 00:01:50]} Qf6
{[%clk 00:00:33]} {[%emt 00:01:52]} 32. Rxd5 {[%clk 00:45:22]} {[%emt
00:08:06]} Qe7 {[%clk 00:00:33]} {[%emt 00:00:31]} 33. c4 {[%clk 00:43:29]}
{[%emt 00:02:23]} 1-0

[Event "XLIV Memoriał Szachowy Ludwika Zamenhofa 2025, Grupa B"]
[Site "Bialystok, Poland"]
[Date "2025.12.30"]
[Round "7.29"]
[White "Bakalarz, Leszek"]
[Black "Surkont, Jan"]
[Result "0-1"]
[TimeControl "90'+30\""]
[WhiteElo "1909"]
[BlackElo "1787"]

1. e4 {[%clk 01:30:58]} e6 {[%clk 01:30:55]} {[%emt 00:00:06]} 2. d4 {[%clk
01:31:22]} {[%emt 00:00:06]} d5 {[%clk 01:31:19]} {[%emt 00:00:06]} 3. Nc3
{[%clk 01:31:38]} {[%emt 00:00:14]} Bb4 {[%clk 01:31:46]} {[%emt 00:00:04]} 4.
e5 {[%clk 01:32:02]} {[%emt 00:00:06]} c5 {[%clk 01:32:12]} {[%emt 00:00:03]} 5.
a3 {[%clk 01:32:00]} {[%emt 00:00:32]} Bxc3+ {[%clk 01:32:38]} {[%emt
00:00:05]} 6. bxc3 {[%clk 01:32:22]} {[%emt 00:00:08]} Qc7 {[%clk 01:33:03]}
{[%emt 00:00:04]} 7. Qg4 {[%clk 01:32:21]} {[%emt 00:00:30]} Ne7 {[%clk
01:33:29]} {[%emt 00:00:05]} 8. Qxg7 {[%clk 01:32:39]} {[%emt 00:00:12]} Rg8
{[%clk 01:33:56]} {[%emt 00:00:03]} 9. Qxh7 {[%clk 01:32:57]} {[%emt 00:00:12]}
cxd4 {[%clk 01:34:23]} {[%emt 00:00:03]} 10. Ne2 {[%clk 01:33:03]} {[%emt
00:00:24]} Nbc6 {[%clk 01:34:52]} {[%emt 00:00:02]} 11. Qd3 {[%clk 01:33:02]}
{[%emt 00:00:31]} Nxe5 {[%clk 01:27:36]} {[%emt 00:07:45]} 12. Qxd4 {[%clk
01:33:26]} {[%emt 00:00:06]} Nf5 {[%clk 01:26:22]} {[%emt 00:01:44]} 13. Qd1
{[%clk 01:19:41]} {[%emt 00:14:15]} Bd7 {[%clk 01:05:45]} {[%emt 00:21:07]} 14.
Bf4 {[%clk 01:15:01]} {[%emt 00:05:10]} f6 {[%clk 00:59:28]} {[%emt 00:06:48]}
15. Qd2 {[%clk 01:13:15]} {[%emt 00:02:15]} Qb6 {[%clk 00:51:28]} {[%emt
00:08:31]} 16. Bxe5 {[%clk 00:43:37]} {[%emt 00:30:07]} fxe5 {[%clk 00:51:56]}
{[%emt 00:00:03]} 17. g3 {[%clk 00:43:19]} {[%emt 00:00:47]} O-O-O {[%clk
00:45:57]} {[%emt 00:06:29]} 18. Bg2 {[%clk 00:40:59]} {[%emt 00:02:49]} Bc6
{[%clk 00:43:40]} {[%emt 00:02:47]} 19. O-O {[%clk 00:40:26]} {[%emt 00:01:03]}
Rg7 {[%clk 00:33:15]} {[%emt 00:10:57]} 20. a4 {[%clk 00:35:11]} {[%emt
00:05:45]} Qc5 {[%clk 00:29:59]} {[%emt 00:03:46]} 21. Qc1 {[%clk 00:20:00]}
{[%emt 00:15:41]} Qc4 {[%clk 00:19:46]} {[%emt 00:10:42]} 22. Re1 {[%clk
00:19:55]} {[%emt 00:00:33]} d4 {[%clk 00:18:43]} {[%emt 00:01:35]} 23. Bxc6
{[%clk 00:17:18]} {[%emt 00:03:07]} Qxc6 {[%clk 00:19:09]} {[%emt 00:00:04]} 24.
cxd4 {[%clk 00:17:33]} {[%emt 00:00:15]} Nh4 {[%clk 00:19:23]} {[%emt
00:00:17]} 25. f3 {[%clk 00:09:28]} {[%emt 00:08:35]} Qxf3 {[%clk 00:18:23]}
{[%emt 00:01:29]} 26. Nf4 {[%clk 00:09:56]} {[%emt 00:00:03]} exf4 {[%clk
00:18:25]} {[%emt 00:00:28]} 27. Qd2 {[%clk 00:10:22]} {[%emt 00:00:03]} fxg3
{[%clk 00:17:57]} {[%emt 00:00:59]} 28. h3 {[%clk 00:10:37]} {[%emt 00:00:14]}
Qc6 {[%clk 00:14:03]} {[%emt 00:04:24]} 29. Ra3 {[%clk 00:09:56]} {[%emt
00:01:12]} Nf3+ {[%clk 00:14:03]} {[%emt 00:00:29]} 30. Rxf3 {[%clk 00:10:21]}
{[%emt 00:00:05]} Qxf3 {[%clk 00:14:30]} {[%emt 00:00:03]} 31. Rf1 {[%clk
00:09:38]} {[%emt 00:01:14]} Qxf1+ {[%clk 00:11:15]} {[%emt 00:03:45]} 32. Kxf1
{[%clk 00:10:05]} {[%emt 00:00:02]} g2+ {[%clk 00:11:40]} {[%emt 00:00:05]} 33.
Kg1 {[%clk 00:10:19]} {[%emt 00:00:16]} Rf8 {[%clk 00:12:05]} {[%emt 00:00:05]}
34. Qxg2 {[%clk 00:07:49]} {[%emt 00:03:00]} Rxg2+ {[%clk 00:12:27]} {[%emt
00:00:08]} 35. Kxg2 {[%clk 00:08:14]} {[%emt 00:00:06]} Kd7 {[%clk 00:12:49]}
{[%emt 00:00:08]} 0-1